000 00633nam a2200253Ia 4500
005 20260121155439.0
008 008 260114s9999 xx 000 0 eng d
020 _a9780429029592
037 _aEBOOK
040 _aCRL
040 _beng
040 _cCRL
041 _2eng
041 _aeng
084 _qCRL
100 _a Steve Bowkett; Tony Hitchman
_91019603
245 0 _aDeveloping Thinking Skills Through Creative Writing
260 _bTaylor and Francis
260 _c2020
856 _uhttp://www.taylorfrancis.com/books/9780429029592
942 _cEBOOK
999 _c1586422
_d1586422